| 000 | 00535nam a2200181Ia 4500 | ||
|---|---|---|---|
| 999 |
_c10292 _d10292 |
||
| 003 | OSt | ||
| 005 | 20191216141110.0 | ||
| 008 | 190216s9999||||xx |||||||||||||| ||und|| | ||
| 020 | _a8170144698 | ||
| 040 | _coclc | ||
| 082 |
_a338.5 _bDHI/E |
||
| 100 |
_aDhingra, Ishwar C _9494 |
||
| 245 | 0 |
_aEconomic Systems And Micro Economic Theory / _c I C Dhingra / V K Garg |
|
| 260 |
_bSulthan Chand&Sons, _c1979. _aDelhi: |
||
| 300 | _a555 p | ||
| 650 | _aEconomics | ||
| 942 |
_cBK _2ddc _h338.5 _iDHI/E _k338.5 _mDHI/E |
||